Biggest Cities in Louisiana in 1950 - Statistics

General Stats
  • This quiz has been taken 68 times
  • The average score is 10 of 20
Answer Stats
Population Parish Answer % Correct
570,445 Orleans New Orleans
100%
125,629 East Baton Rouge Baton Rouge
98%
33,541 Lafayette Lafayette
98%
127,206 Caddo Shreveport
94%
41,272 Calcasieu Lake Charles
78%
38,572 Ouachita Monroe
76%
34,913 Rapides Alexandria
71%
11,505 Terrebonne Houma
63%
16,467 Iberia New Iberia
53%
10,372 Lincoln Ruston
53%
15,470 Bossier Bossier City
51%
9,914 Natchitoches Natchitoches
39%
11,659 St. Landry Opelousas
35%
9,759 St. Mary Morgan City
29%
13,813 Jefferson Gretna
27%
17,798 Washington Bogalusa
22%
10,302 Ouachita West Monroe
22%
9,787 Webster Minden
10%
12,769 Morehouse Bastrop
8%
12,784 Acadia Crowley
4%
No matching quizzes found
Score Distribution
Percent of People with Each Score
Percentile by Number Answered
Your Score History
You have not taken this quiz